Places de Grenoble - Statistiques

Statistiques générales
  • Ce quiz a été pris 52 fois
  • Le résultat moyen est 7 sur 63
Statistiques - réponses
Indice sur le nom Indice supplémentaire Réponse % Correct
Ecrivain très célèbre Coeur de ville - fontaine - marché de Noël Victor Hugo
81%
Bataille célèbre de la Première Guerre Préfecture - armée Verdun
57%
Nom religieux Nom de la cathédrale de Grenoble Notre-Dame
45%
Marché à grains Coeur de ville - terrasses - grand magasin Grenette
36%
Ancien maire de Grenoble Face à l'Isère - entrée de ville - également le nom d'un arrêt de tramway très fréquenté Hubert Dubedout
32%
Maire de Grenoble - Politique Également le nom du parc le plus célèbre de la ville Paul Mistral
32%
Saint Fondateur de l'ordre des Chartreux - Accueille un marché Saint Bruno
32%
Haut fonctionnaire - résistant Héros de la résistance - arrêté à Lyon Jean Moulin
28%
Général de division Également le nom d'un quartier commerçant proche du centre ville Championnet
26%
Bataille dans le désert Fait face au rectorat Bir-Hakeim
23%
Ville Française Ville de Moselle - Une colonne au milieu de la place Metz
23%
Sainte Fondatrice de l'Ordre des pauvres dames - nom des halles Sainte Claire
23%
Plantes - végétaux Accueille un petit marché au coeur de la vieille ville aux herbes
17%
Arbre Il peut être triste Saule
17%
Inventeur Invente des automates - Parking en coeur de ville - commerces Vaucanson
17%
Homme politique homme d'État sud-africain Nelson Mandela
15%
Saint Frère de saint Pierre et le premier des apôtres à connaître Jésus-Christ Saint André
15%
Forme géométrique Qui rayonne la nuit étoile
13%
Infrastructure Infrastructure majeure du transport Gare
11%
Créatures Villeneuve - Sculptures de grande taille Géants
11%
Vallée Au coeur de l'Ile Verte - vallée entre Grenoble et Chambéry Grésivaudan
11%
Poète et homme politique Arrêt de la ligne C - sur le boulevard Foch Gustave Rivet
11%
Action Pendant la guerre - fait de résister à l’envahisseur Résistance
11%
Saint de Rome - face à l'Isère - la Casemate Saint Laurent
11%
Homme d'état Ancien président du Chili Salvator Allende
11%
Scientifique - politique - courant des Lumières Au milieu de la rue du même nom, inscription "village Championnet", arbre décoré de lanternes Condorcet
9%
Fleur de couleur Fleur Royale de couleur rouge Lys Rouge
9%
Résistant De son vrai nom Gariboldy - capitaine des FFI - également le nom d'un boulevard Paul Vallier
9%
Mathématicien, doyen d'université et résistant Face au sacré coeur et à l'IUT Doyen Gosse
6%
Baron Proche du jardin de Ville - Ville touristique du Vaucluse Gordes
6%
Marquis - maire de Grenoble - député Fait face au Musée de Grenoble Lavalette
6%
Scientifique Scientifique Français le plus connu Pasteur
6%
Montagne Montagne de Chartreuse - 1379m Saint Eynard
6%
Ecrivain - politique - résistant Siège de la métropole - petit parking - marché André Malraux
4%
Peintre Poisson Apvril
4%
Moulure d'une corniche Fontaine au lion - face à l'Isère Cimaise
4%
Dramaturge et Poète Phèdre - Andromaque - Brittanicus ... Jean Racine
4%
Ville Ville Algérienne devenue Skikda à l'indépendance - parking municipal majeur du centre ville Philippeville
4%
Homme d'état Un des pères fondateurs de la construction européenne - au coeur du World Trade Center Robert Schuman
4%
Ville Jumelée avec Grenoble - deuxième ville de Tunisie Sfax
4%
Arbre Les fleurs sont employées pour des infusions (apaisantes) - les feuilles peuvent être consommées en salade Tilleul
4%
Gantier Créateur de la main de fer - Petit parc avec statue - face à l'Isère Xavier Jouvin
4%
Politique - président du parlement du Dauphiné Face à l'Isère - bars étudiants Bérulle
2%
Famille Grenobloise Petite place piétonne au bout de la Grand Rue - elle relie une autre place très appréciée pour son marché Claveyson
2%
Docteur Homonyme d'une célèbre maison d'éditions - Entre la rue des Charmilles et la rue Emile Zola Gallimard
2%
Peintre - graveur Entrée du Lycée Stendhal - coeur de ville Jean Achard
2%
Alpiniste de l'après guerre Village Olympique Lionel Terray
2%
Comédien et metteur en scène Secteur Malherbe - Acteur Majeur du XXème - Quai des Orfèvres - Hôtel du Nord - Drôle de drame Louis Jouvet
2%
Islamologue directeur d'études - membre du CNRS Pierre Lory
2%
Lieu de stockage Où l'on stocke des munitions et explosifs Poudrière
2%
Ingénieur Fondateur de la clinique mutualiste - sur le boulevard Vallier René Frappat
2%
Bâtiment religieux Espace sacré Temple
2%
Botaniste Ancien président de la société botanique de France -Secteur abbaye - volets verts André Charpin
0%
Metteur en scène et acteur de théatre Tout proche du CCAS et de la MC2 Charles Dullin
0%
Plus importante des insurections parisiennes Accueille le marché de l'Abbaye Commune de 1871
0%
Compositeur Face au théâtre Sainte-Marie-d'en-Bas Edmond Arnaud
0%
Chevalier - marquis Face à l'Isère - départ de la voie sur berges - nom à particule Ème de Marcieu
0%
Peintre Grenoblois Face au Palais de justice - accueille un marché Firmin-Gautier
0%
Docteur - Chirurgien du Bourg d'Oisans Rond point central de l'Ile Verte Girard
0%
Artiste - peintre Petit parking au coeur du quartier Championnet Jacqueline Marval
0%
Gestionnaire - administrateur habitations à bon marché Secteur abbaye - volets verts Joseph Riboud
0%
Avocat - politique Secteur abbaye - volets verts - père de la première loi sur le logement social Laurent Bonnevay
0%
Alpiniste Première ascension de la Meije - située à l'Arlequin Pierre Gaspard
0%
Aucun quiz correspondant
Distribution des résultats
% des personnes avec chaque résultat
Percentile par nombre de réponses
Votre historique - résultats
Vous n’avez pas pris ce quiz